عرض عادي عرض مارك
  • International Conference on Structures Under Shock and Impact

مدخل إسم مؤتمر

عدد التسجيلات المستخدمة في: 1

001 - رقم الضبط

  • حقل الضبط: 12002

003 - معرف رقم الضبط

  • حقل الضبط: OSt

005 - تاريخ ووقت أخر عملية

  • حقل الضبط: 20120427161510.0

008 - عناصر بيانات ثابتة الطول

  • حقل تحكم ثابت الطول: 120427|||a|||||| | ||| d

040 ## - مصدر الفهرسة

  • هيئة الفهرسة الأصلية: OSt
  • وكالة الكتابة: OSt

111 ## - مدخل -- اسم مؤتمر

  • اسم الملتقي او اسم السلطه كعنصر مدخل: International Conference on Structures Under Shock and Impact
  • رقم الجزء / القسم/ الملتقي: (11th :
  • تاريخ المؤتمر: 2010 :
  • مكان الملتقي: Tallinn, Estonia)

670 ## - بيانات المصدر موجوده

  • الاستشهاد بالمصدر: Work cat.: (OSt)24144: International Conference on Structures Under Shock and Impact (11th : 2010 : Tallinn, Estonia), Structures under shock and impact XI /, c2010.